Statistics for Guess the random Genshin Impact Artifact Set

Click here to take the quiz!

General Stats

  • This quiz has been taken 13 times
  • The average score is 10 of 16

Answer Stats

Answer% Correct
Using an Elemental Burst increase all party members' ATK by 20% for 12s. This effect cannot stack.Noblesse Oblige
91%
When current HP increases or decreases, CRIT Rate will be increased by 12% for 5s. Max 3 stacks.Marechaussee Hunter
82%
The equipping character's Bloom, Hyperbloom, and Burgeon reaction DMG are increased by 40%. Additionally, after the equipping character triggers Bloom, Hyperbloom, or Burgeon, they will gain another 25% bonus to the effect mentioned prior. Each stack of this lasts 10s. Max 4 stacks simultaneously. This effect can only be triggered once per second. The character who equips this can still trigger its effects when not on the field.Flower of Paradise Lost
73%
Using an Elemental Skill or Burst increases healing received by all party members by 20% for 10s.Maiden Beloved
73%
When casting an Elemental Skill, if the character has 15 or more Energy, they lose 15 Energy and Normal/Charged/Plunging Attack DMG is increased by 50% for 10s.Shimenawa's Reminiscence
73%
Upon obtaining an Elemental Shard created through a Crystallize Reaction, all party members gain a 35% DMG Bonus for that particular element for 10s. Only one form of Elemental DMG Bonus can be gained in this manner at any one time.Archaic Petra
64%
When Charged Attacks hit opponents, the equipping character's Normal Attack SPD will increase by 10% while Normal, Charged, and Plunging Attack DMG will increase by 40% for 15s.Desert Pavilion Chronicle
64%
Within 8s of triggering an Elemental Reaction, the character equipping this will obtain buffs based on the Elemental Type of the other party members, ATK is increased by 14% for each party member whose Elemental Type is the same as the equipping character, and Elemental Mastery is increased by 50 for every party member with a different Elemental Type. Each of the aforementioned buffs will count up to 3 characters. This effect can be triggered once every 8s. The character who equips this can still trigger its effects when not on the field.Gilded Dreams
64%
A character equipped with this Artifact set will obtain the [REDACTED] effect in the following conditions: When on the field, the character gains 1 stack after hitting an opponent with a Geo attack, triggering a maximum of once every 0.3s. When off the field, the character gains 1 stack every 3s. [REDACTED] can stack up to 4 times, each providing 6% DEF and a 6% Geo DMG Bonus. When 6 seconds pass without gaining a [REDACTED] stack, 1 stack is lost.Husk of Opulent Dreams
64%
After Normal, Charged, and Plunging Attacks, Elemental Skills, and Elemental Bursts hit opponents. 1 stack of [REDACTED] will triggered, lasting 8s. When under the effect of 1, 2, or 3 or more [REDACTED] stacks, ATK will be increased by 7%/16%/25%, and Hydro DMG will be increased by 4%/9%/15% [REDACTED] created by Normal, Charged, and Plunging Attacks, Elemental Skills, and Elemental Bursts exist independently.Nymph's Dream
64%
After defeating an opponent, increases Charged Attack DMG by 50%, and reduces its Stamina cost to 0 for 10s.Bloodstained Chivalry
55%
When Normal Attacks hit opponents, there is a 36% chance that it will trigger [REDACTED], which will increase Normal Attack DMG by 70% of ATK. This effect will be dispelled 0.05s after a Normal Attack deals DMG. If a Normal Attack fails to trigger [REDACTED], the odds of it triggering the next time will increase by 20%. This trigger can occur once every 0.2s.Echoes of an Offering
55%
When an Elemental Skill hits an opponent, ATK is increased by 9% for 7s. This effect stacks up to 2 times and can be triggered once every 0.3s. Once 2 stacks are reached, the 2-set effect is increased by 100%.Pale Flame
55%
When the equipping character heals a party member, the [REDACTED] effect will be created for 6s, which records the total amount of healing provided (including overflow healing). When the duration expires, the [REDACTED] effect will be transformed into the [REDACTED] effect: When your active party member hits an opponent with a Normal Attack, Charged Attack, Plunging Attack, Elemental Skill, or Elemental Burst, the DMG dealt will be increased by 8% of the total healing amount recorded by the [REDACTED] effect. The [REDACTED] effect is removed after it has taken effect 5 times or after 10s. A single instance of the [REDACTED] effect can record up to 15,000 healing, and only a single instance can exist at once, but it can record the healing from multiple equipping characters. Equipping characters on standby can still trigger this effect.Song of Days Past
55%
Elemental Skill and Elemental Burst DMG will be increased by 10%. After the equipping character takes DMG, the aforementioned DMG Bonus is increased by 80% for 5s. This effect increase can have 5 stacks. The duration of each stack is counted independently. These effects can be triggered even when the equipping character is not on the field.Vourukasha's Glow
55%
After using Elemental Skill, increases Normal Attack and Charged Attack DMG by 30% for 15s.Heart of Depth
45%

Score Distribution

Percentile by Number Answered

Percent of People with Each Score

Your Score History

You have not taken this quiz